Hertha BSC Spieler seit 2010 - Statistiken

Allgemein
  • Dieses Quiz wurde 508 mal gespielt
    92 seit der letzten Aktualisierung
  • Das Durchschnittsergebnis liegt bei 82 aus 205
Antwortstatistiken
Position Nationalität Spieler % Korrekt
Offensives Mittelfeld Deutschland Bence Dardai
94%
Innenverteidiger Ungarn Márton Dárdai
94%
Rechtsaußen Ungarn Palkó Dárdai
94%
Linksaußen Deutschland Fabian Reese
93%
Defensives Mittelfeld Ungarn Pál Dárdai
93%
Torwart Deutschland Tjark Ernst
90%
Torwart Deutschland Thomas Kraft
87%
Linksaußen Elfenbeinküste Salomon Kalou
83%
Stürmer Bosnien und Herzegowina Vedad Ibisevic
83%
Innenverteidiger USA John Anthony Brooks
80%
Innenverteidiger Deutschland Toni Leistner
80%
Torwart Norwegen Rune Jarstein
79%
Offensives Mittelfeld Ghana Kevin-Prince Boateng
77%
Rechter Verteidiger Slowakei Peter Pekarik
77%
Rechter Verteidiger Niederlande Deyovaisio Zeefuik
76%
Rechter Verteidiger England Jonjoe Kenny
76%
Defensives Mittelfeld Deutschland Kennet Eichhorn
76%
Torwart Deutschland Marius Gersbeck
76%
Innenverteidiger Schweiz Fabian Lustenberger
75%
Linksaußen Dänemark Gustav Christensen
75%
Stürmer Bosnien und Herzegowina Haris Tabakovic
75%
Stürmer Polen Krzysztof Piatek
75%
Linker Verteidiger Deutschland Marvin Plattenhardt
75%
Torwart Dänemark Oliver Christensen
75%
Offensives Mittelfeld Brasilien Ronny
73%
Stürmer Kolumbien Adrián Ramos
72%
Innenverteidiger Deutschland Linus Gechter
72%
Linker Verteidiger Polen Michal Karbownik
72%
Offensives Mittelfeld Algerien Ibrahim Maza
70%
Torwart USA Jonathan Klinsmann
70%
Rechtsaußen Türkei Tunay Torun
70%
Zentrales Mittelfeld Tschechien Vladimir Darida
70%
Stürmer Deutschland Luca Schuler
69%
Rechtsaußen Deutschland Marten Winkler
69%
Zentrales Mittelfeld Frankreich Michael Cuisance
69%
Defensives Mittelfeld Deutschland Diego Demme
68%
Linker Verteidiger Deutschland Maximilian Mittelstädt
68%
Hängende Spitze Brasilien Raffael
68%
Rechtsaußen Belgien Dodi Lukebakio
66%
Offensives Mittelfeld Slowakei Ondrej Duda
66%
Stürmer Dänemark Sebastian Grönning
66%
Rechter Verteidiger Deutschland Julian Eitschberger
65%
Defensives Mittelfeld Frankreich Lucas Tousart
65%
Innenverteidiger Deutschland Niklas Stark
65%
Stürmer Polen Dawid Kownacki
63%
Defensives Mittelfeld Norwegen Per Skjelbred
63%
Offensives Mittelfeld Brasilien Matheus Cunha
62%
Rechtsaußen Australien Mathew Leckie
61%
Defensives Mittelfeld Argentinien Santiago Ascacíbar
61%
Linksaußen Island Jon Dagur Thorsteinsson
59%
Stürmer Montenegro Stevan Jovetic
58%
Torwart Deutschland Tim Goller
58%
Innenverteidiger Belgien Dedryck Boyata
56%
Defensives Mittelfeld Deutschland Paul Seguin
56%
Torwart Deutschland Alexander Schwolow
55%
Rechtsaußen Japan Genki Haraguchi
55%
Zentrales Mittelfeld Deutschland Jeremy Dudziak
55%
Innenverteidiger Nigeria Jordan Torunarigha
55%
Innenverteidiger Uruguay Agustín Rogel
54%
Defensives Mittelfeld Deutschland Boris Mamuzah Lum
54%
Offensives Mittelfeld Deutschland Maurice Krattenmacher
52%
Zentrales Mittelfeld Deutschland Kevin Sessa
51%
Defensives Mittelfeld Deutschland Pascal Klemens
51%
Zentrales Mittelfeld Deutschland Arne Maier
49%
Stürmer Deutschland Pierre-Michel Lasogga
49%
Stürmer Deutschland Davie Selke
48%
Stürmer Algerien Ishak Belfodil
48%
Linker Verteidiger Georgien Levan Kobiashvili
48%
Rechter Verteidiger Deutschland Mitchell Weiser
48%
Innenverteidiger Deutschland Niklas Kolbe
48%
Defensives Mittelfeld Japan Hajime Hosogai
46%
Linker Verteidiger Deutschland Luca Netz
46%
Zentrales Mittelfeld Frankreich Mattéo Guendouzi
46%
Rechtsaußen Österreich Valentino Lazaro
46%
Linksaußen Tunesien Änis Ben-Hatira
45%
Innenverteidiger Niederlande Karim Rekik
45%
Innenverteidiger Tunesien Omar Rekik
45%
Innenverteidiger Tschechien Roman Hubnik
45%
Defensives Mittelfeld Türkei Tolga Cigerci
45%
Offensives Mittelfeld Schweiz Valentin Stocker
45%
Stürmer Kolumbien Jhon Córdoba
44%
Defensives Mittelfeld Serbien Marko Grujic
44%
Stürmer Kanada Rob Friend
44%
Zentrales Mittelfeld Griechenland Andreas Bouchalakis
42%
Linksaußen Deutschland Derry Scherhant
42%
Rechtsaußen Südkorea Dong-jun Lee
42%
Stürmer Deutschland Florian Niederlechner
42%
Linksaußen Niederlande Javairo Dilrosun
42%
Torwart Niederlande Maikel Aerts
42%
Rechtsaußen Deutschland Marco Richter
42%
Torwart Deutschland Konstantin Heide
41%
Innenverteidiger Paraguay Omar Alderete
41%
Stürmer Deutschland Sandro Wagner
41%
Stürmer Elfenbeinküste Wilfried Kanga
41%
Rechter Verteidiger Deutschland Christian Lell
39%
Torwart Deutschland Marcel Lotka
39%
Stürmer Bosnien und Herzegowina Smail Prevljak
39%
Zentrales Mittelfeld Schweden Bilal Hussein
38%
Defensives Mittelfeld Kroatien Ivan Sunjic
38%
Zentrales Mittelfeld Deutschland Sami Khedira
38%
Linker Verteidiger Deutschland Nico Schulz
37%
Rechtsaußen Tunesien Sami Allagui
37%
Innenverteidiger Deutschland Tim Hoffmann
37%
Innenverteidiger Deutschland Marc-Oliver Kempf
35%
Linksaußen Serbien Nemanja Radonjic
35%
Rechtsaußen Deutschland Patrick Ebert
35%
Torwart Deutschland Sascha Burchert
35%
Innenverteidiger Deutschland Sebastian Langkamp
35%
Torwart Deutschland Robert Kwasigroch
34%
Innenverteidiger Kroatien Filip Uremovic
32%
Innenverteidiger Kroatien Andre Mijatovic
31%
Linker Verteidiger Dänemark Fredrik André Björkan
31%
Offensives Mittelfeld Niederlande Jurgen Ekkelenkamp
31%
Stürmer Deutschland Luca Wollschläger
31%
Defensives Mittelfeld Deutschland Peter Niemeyer
31%
Zentrales Mittelfeld Deutschland Suat Serdar
31%
Rechtsaußen Deutschland Alexander Esswein
30%
Linksaußen Nigeria Chidera Ejuke
30%
Stürmer Deutschland Jessic Ngankam
30%
Zentrales Mittelfeld Deutschland Leon Jensen
30%
Linksaußen Deutschland Sinan Kurt
30%
Linksaußen Deutschland Anton Kade
28%
Torwart Deutschland Dennis Smarsch
28%
Rechter Verteidiger Deutschland Janne Berner
28%
Innenverteidiger Niederlande Johnny Heitinga
28%
Offensives Mittelfeld Deutschland Jonas Michelbrink
28%
Offensives Mittelfeld Deutschland Julius Kade
28%
Innenverteidiger Brasilien Kaká
28%
Zentrales Mittelfeld Litauen Lukas Michelbrink
28%
Zentrales Mittelfeld Deutschland Sidney Friede
28%
Defensives Mittelfeld England Bradley Ibrahim
27%
Offensives Mittelfeld Serbien Lazar Samardzic
27%
Rechtsaußen Kamerun Marcel Ndjeng
27%
Rechtsaußen Deutschland Maurice Covic
27%
Torwart Deutschland Philip Sprint
27%
Linker Verteidiger Angola Anderson Lucoqui
25%
Zentrales Mittelfeld Albanien Dion Ajvazi
25%
Offensives Mittelfeld Niederlande Jean-Paul Boetius
25%
Rechter Verteidiger Deutschland Lukas Klünter
25%
Torwart Deutschland Nils Körber
25%
Offensives Mittelfeld Deutschland Alexander Baumjohann
24%
Defensives Mittelfeld Deutschland Andreas Ottl
24%
Offensives Mittelfeld Marokko Aymen Barkok
24%
Stürmer Deutschland Julian Schieber
24%
Rechtsaußen Deutschland Marius Wolf
24%
Linksaußen Frankreich Myziane Maolida
24%
Rechtsaußen Australien Nikita Rukavytsya
24%
Innenverteidiger Niederlande Derrick Luckassen
23%
Linker Verteidiger Deutschland Fabian Holland
23%
Innenverteidiger Deutschland Maik Franz
23%
Innenverteidiger Deutschland Marlon Morgenstern
23%
Rechtsaußen Niederlande Roy Beerens
23%
Defensives Mittelfeld Ägypten Selim Telib
23%
Defensives Mittelfeld Brasilien Allan
21%
Stürmer Suriname Daishawn Redan
21%
Zentrales Mittelfeld Deutschland Jens Hegeler
21%
Linker Verteidiger Deutschland Johannes van den Bergh
21%
Stürmer Österreich Marco Djuricin
21%
Stürmer Deutschland Pascal Köpke
21%
Zentrales Mittelfeld USA Alfredo Morales
20%
Zentrales Mittelfeld Deutschland Eduard Löwen
20%
Zentrales Mittelfeld Kosovo Fanol Perdedaj
20%
Defensives Mittelfeld Deutschland Peer Kluge
20%
Stürmer Israel Ben Sahar
18%
Rechtsaußen Deutschland Nader El-Jindaoui
18%
Stürmer Deutschland Niklas Hildebrandt
18%
Zentrales Mittelfeld Deutschland Andreas Neuendorf
15%
Linksaußen Polen Dennis Jastrzembski
15%
Offensives Mittelfeld Deutschland Tony Rölke
15%
Innenverteidiger Deutschland Christoph Janker
14%
Hängende Spitze Österreich Daniel Beichler
14%
Innenverteidiger Deutschland Florian Baak
14%
Offensives Mittelfeld Deutschland Hany Mukhtar
14%
Torwart Österreich Richard Strebinger
14%
Zentrales Mittelfeld Deutschland Robert Andrich
14%
Stürmer Schweiz Ruwen Werthmüller
14%
Stürmer DR Kongo Elias Kachunga
13%
Linker Verteidiger Deutschland Eliyas Strasner
13%
Innenverteidiger Deutschland Felix Bastians
13%
Torwart Deutschland Marco Sejna
13%
Torwart Deutschland Maximilian Mohwinkel
13%
Innenverteidiger Deutschland Sebastian Neumann
13%
Stürmer Bulgarien Valeri Domovchiyski
13%
Defensives Mittelfeld Deutschland Veit Stange
13%
Torwart Deutschland Luis Klatte
11%
Defensives Mittelfeld Deutschland Marvin Knoll
11%
Offensives Mittelfeld Deutschland Sascha Bigalke
11%
Stürmer Sierra Leone Abu Bakarr Kargbo
10%
Innenverteidiger Angola Joel da Silva Kiala
10%
Defensives Mittelfeld Deutschland Yanni Regäsel
10%
Torwart Deutschland Ben Lundt
8%
Rechtsaußen Deutschland Jelani Ndi
8%
Defensives Mittelfeld Deutschland Jonas Dirkner
8%
Offensives Mittelfeld Deutschland Julius Gottschalk
8%
Innenverteidiger Deutschland Nico Beyer
8%
Innenverteidiger Angola Panzu Ernesto
8%
Linker Verteidiger Deutschland Shervin Radjabali-Fardi
8%
Innenverteidiger Deutschland Christalino Atemona
7%
Innenverteidiger Deutschland Cimo Röcker
7%
Zentrales Mittelfeld Deutschland Florian Kohls
7%
Linker Verteidiger Deutschland Marcus Mlynikowski
7%
Innenverteidiger Deutschland Sebastian Weiland
7%
Defensives Mittelfeld Deutschland Anthony Syhre
6%
Defensives Mittelfeld Deutschland Julian Albrecht
6%
Keine übereinstimmenden Quizze gefunden
Verteilung der Resultate
Anzahl Personen mit jedem Resultat
Perzentil nach korrekt beantworteten Fragen
Ihre Resultats-Entwicklung
Sie haben dieses Quiz seit der letzten Aktualisierung nicht gespielt